| 000 | 00639nam a2200205 i 4500 | ||
|---|---|---|---|
| 001 | 141744 | ||
| 003 | ES-MaACL | ||
| 005 | 20250822030417.0 | ||
| 007 | t| | ||
| 008 | 070927s1970 sp ||||1| spa d | ||
| 100 | 1 |
_aVinciguerra, Carlos. _9115318 |
|
| 245 | 1 | 0 |
_aComo convencer en la vida _b: manual psicológico práctico / _cCarlos Vinciguerra. |
| 260 |
_aBarcelona : _bDe Vecchi, _c[1970] |
||
| 300 |
_a192 p. ; _c19 cm. |
||
| 490 | 1 | _aBiblioteca práctica | |
| 650 | 1 | 7 |
_aPersuasión (Psicología) _2embne _915982 |
| 830 | 0 |
_aBiblioteca práctica _9220438 |
|
| 852 |
_aES-MaACL _jC-46467 _bR.75410 |
||
| 999 |
_c141744 _d141744 |
||